[Event "World Blitz 2023"]
[Site "Samarkand UZB"]
[Date "2023.12.30"]
[Round "16.72"]
[White "Kuziev, Miraziz"]
[Black "Song, Raymond"]
[Result "0-1"]
[WhiteElo "2196"]
[BlackElo "2383"]
[EventDate "2023.12.29"]

1. d4 Nf6 2. c4 e6 3. Nc3 Bb4 4. e3 O-O 5. Bd2 d5 6. Nf3 b6 7. cxd5 exd5 8.
Rc1 Bb7 9. Bd3 Be7 10. Ne5 c5 11. O-O Nc6 12. Be1 Bd6 13. f4 cxd4 14. Nxc6
Bxc6 15. exd4 Re8 16. Qc2 Rc8 17. Bh4 h6 18. Bf5 Rc7 19. b4 Bb7 20. Qb1 Bf8
21. Nb5 Rc4 22. Nxa7 Rxd4 23. a3 Rd2 24. Nc6 Ree2 25. Rf2 Qe8 26. Ne5 d4
27. Rc7 Bd5 28. Rc8 Qe7 29. Qf1 Rxf2 30. Bxf2 Be6 31. Bxe6 Qxe6 32. Rd8 Nd5
33. Nd7 Qe7 34. Rxf8+ Kh7 35. Qb1+ d3 36. Qc1 Rc2 37. Qd1 Nxf4 38. g3 Rc1
39. Qxc1 Ne2+ 40. Kg2 Nxc1 41. Rc8 Qxd7 42. Rxc1 d2 43. Rd1 Qd3 0-1

[Event "World Blitz 2023"]
[Site "Samarkand UZB"]
[Date "2023.12.30"]
[Round "16.73"]
[White "Oro, Faustino"]
[Black "Nafri, Khalil"]
[Result "1-0"]
[WhiteElo "2105"]
[BlackElo "2151"]
[EventDate "2023.12.29"]

1. e4 c5 2. Nf3 Nc6 3. Bb5 g6 4. O-O Bg7 5. Bxc6 dxc6 6. d3 e5 7. Nbd2 Ne7
8. Nc4 Qc7 9. Re1 Be6 10. b3 f6 11. a4 a5 12. Be3 b6 13. c3 O-O 14. d4 Rad8
15. Qe2 cxd4 16. cxd4 Bg4 17. dxe5 c5 18. exf6 Bxf6 19. Rad1 Bxf3 20. Qxf3
Bc3 21. Rxd8 Qxd8 22. Rd1 Qc7 23. Qg4 Nc6 24. Qe6+ Kh8 25. h4 Bg7 26. Rd7
Qc8 27. Nd6 Qb8 28. Nf7+ Rxf7 29. Qxf7 1-0

[Event "World Blitz 2023"]
[Site "Samarkand UZB"]
[Date "2023.12.30"]
[Round "16.74"]
[White "Sklokin, Sergey"]
[Black "Vakhidov, Daler"]
[Result "1/2-1/2"]
[WhiteElo "1995"]
[BlackElo "2110"]
[EventDate "2023.12.29"]

1. e4 c5 2. c3 d5 3. exd5 Qxd5 4. d4 g6 5. Nf3 Bg7 6. Be2 Nf6 7. O-O cxd4
8. cxd4 O-O 9. Nc3 Qa5 10. Be3 Nc6 11. h3 Bf5 12. Rc1 Rad8 13. a3 Ne4 14.
Nxe4 Bxe4 15. Qb3 Bd5 16. Qc2 Bxf3 17. Bxf3 Nxd4 18. Bxd4 Bxd4 19. Bxb7 Qb6
20. Bf3 Qxb2 21. Qxb2 Bxb2 22. Rc7 Bxa3 23. Rxa7 Bd6 24. Ra2 Rb8 25. g3
Rfc8 26. Kg2 Kg7 27. Re1 Rc3 28. h4 Rbb3 29. Bd5 Rb4 30. Ree2 h6 31. Bf3
Rd3 32. Be4 Rdd4 33. Bf3 g5 34. hxg5 hxg5 35. Rac2 g4 36. Bc6 f5 37. Bd7
Rd5 38. Be6 Ra5 39. Rc8 Rb1 40. Rg8+ Kf6 41. Bc4 e5 42. Rd2 Bc5 43. Rd7 e4
44. Rf7+ Ke5 45. Rg5 Kd4 46. Be2 Raa1 47. Rd7+ Kc3 48. Bd1 Rxd1 49. Rxd1
Rxd1 50. Rxf5 Bd4 51. Rf4 Rd2 52. Rxe4 Rxf2+ 53. Kh1 Rf1+ 54. Kg2 Rf2+ 55.
Kh1 Ra2 56. Rxg4 Kd3 57. Rf4 Ke3 58. Rf1 Ke2 59. Rf4 Be3 60. Rf5 Bf2 61.
Kg2 Be3 62. Kh3 1/2-1/2

[Event "World Blitz 2023"]
[Site "Samarkand UZB"]
[Date "2023.12.30"]
[Round "16.75"]
[White "Kuandykuly, Danis"]
[Black "Khusenkhojaev, Mustafokhuja"]
[Result "0-1"]
[WhiteElo "1718"]
[BlackElo "2082"]
[EventDate "2023.12.29"]

1. e4 e5 2. Nc3 Nf6 3. g3 d5 4. exd5 Nxd5 5. Bg2 Nxc3 6. bxc3 Nc6 7. Nf3
Bc5 8. O-O O-O 9. d3 Bb6 10. a4 f6 11. Rb1 Be6 12. Ba3 Re8 13. Re1 Qd7 14.
Nd2 Bd5 15. Ne4 f5 16. Nc5 Bxc5 17. Bxc5 Bxg2 18. Kxg2 Qd5+ 19. Qf3 Qxc5
20. Rxb7 Qxc3 21. Reb1 Nd4 22. Qd5+ Kh8 23. R7b2 Qc6 24. Qxc6 Nxc6 25. Rb7
Rab8 26. R1b5 Rxb7 27. Rxb7 Rc8 28. Rb5 Rd8 29. a5 Kg8 30. a6 Kf7 31. f4
Ke6 32. fxe5 Rd5 33. Rb3 Rxe5 34. Kf2 Ra5 35. d4 Nxd4 36. Rb7 Rxa6 37. Rxc7
Kf6 38. Ke3 Rc6 39. Rxa7 Nxc2+ 40. Kf2 Nd4 41. Ra4 Ne6 42. Ke3 Ng5 43. h4
Ne4 44. g4 Nc3 45. g5+ Kg6 46. Ra7 Nd5+ 47. Kd4 Nf4 48. Ke5 Nd3+ 49. Kd4
Rd6+ 50. Ke3 h6 51. gxh6 Kxh6 52. Ra1 Nc5 53. Rg1 g6 54. Rc1 Ne4 55. Kf4
Rd4 56. Rc6 Ra4 57. Kf3 Kh5 58. Rb6 Nc3 59. Rc6 Nd5 60. Rd6 Ra3+ 61. Kf2
Nc3 62. Rc6 Ne4+ 63. Ke2 Rh3 64. Ra6 Rxh4 65. Ra8 Kg5 66. Rg8 Rh3 67. Ra8
Kf4 68. Ra4 g5 69. Ra8 g4 70. Ra5 Rh2+ 71. Kf1 g3 72. Kg1 Rb2 73. Ra3 Kg4
74. Re3 Ng5 75. Rc3 Nf3+ 76. Rxf3 Kxf3 0-1

[Event "World Blitz 2023"]
[Site "Samarkand UZB"]
[Date "2023.12.30"]
[Round "16.76"]
[White "Yonal, Timur"]
[Black "Ilkhomi, Jaloliddin"]
[Result "0-1"]
[WhiteElo "1862"]
[BlackElo "2054"]
[EventDate "2023.12.29"]

1. e4 e6 2. d4 d5 3. Nc3 Bb4 4. e5 c5 5. a3 Bxc3+ 6. bxc3 Qa5 7. Bd2 Qa4 8.
Qg4 g6 9. Nf3 Nc6 10. Qf4 Qxc2 11. Bb5 Bd7 12. O-O h6 13. h4 a6 14. Bxc6
Bxc6 15. dxc5 Qe4 16. Qg3 Ne7 17. Rfe1 Nf5 18. Qh3 Qd3 19. g4 Nxh4 20. Qxh4
Qxf3 21. Re3 Qf4 22. Qg3 Qxg3+ 23. Rxg3 Rc8 24. Be3 Ke7 25. Kf1 Bb5+ 26.
Ke1 Bc4 27. Kd2 h5 28. gxh5 Rxh5 29. Rb1 Rc7 30. Rg5 Rxg5 31. Bxg5+ Kd7 32.
Be3 Kc6 33. Rb6+ Kd7 34. Rd6+ Ke8 35. Bg5 Rd7 36. Rxd7 Kxd7 37. Be3 Kc6 38.
Bd4 Kb5 39. Kc1 Ka4 40. Kb2 g5 41. f3 Be2 42. Be3 Kb5 43. Bxg5 Kxc5 44.
Be3+ Kc4 45. f4 a5 46. Bd2 a4 47. Be3 b5 48. Bd2 Kd3 49. Bc1 Bd1 50. Ka2
Kxc3 51. Bb2+ Kd3 52. Bc1 Kc2 53. Be3 Be2 54. Bc5 Kc3 55. Bb4+ Kc2 56. Bc5
Kd3 57. Be7 d4 58. Kb2 Kd2 59. Bc5 d3 60. Bd4 Bf3 61. Bc5 Bd5 62. Bd4 b4
63. axb4 Ke2 64. Bc3 d2 65. Bxd2 Kxd2 0-1

[Event "World Blitz 2023"]
[Site "Samarkand UZB"]
[Date "2023.12.30"]
[Round "16.77"]
[White "Bogdan, David"]
[Black "Amangeldy, Ernur"]
[Result "0-1"]
[WhiteElo "1880"]
[BlackElo "2144"]
[EventDate "2023.12.29"]

1. e4 c5 2. Nf3 d6 3. d4 cxd4 4. Qxd4 Bd7 5. Be3 Nc6 6. Qd2 Nf6 7. Nc3 a6
8. h3 g6 9. Nd4 Bg7 10. Be2 O-O 11. O-O Rc8 12. f4 b5 13. Bf3 Na5 14. Be2
b4 15. Nd5 Nxe4 16. Qxb4 Rb8 17. Qa3 e6 18. Nb4 d5 19. Rac1 Rc8 20. c3 Nc4
21. Bxc4 Rxc4 22. Qxa6 Ng3 23. Rfe1 Ne4 24. Qa3 Qh4 25. Rf1 Rcc8 26. Qb3
Rce8 27. Qc2 Nd6 28. Qf2 Qd8 29. a4 Nc4 30. b3 Nd6 31. Ra1 Qc7 32. Rfc1 Qb7
33. a5 e5 34. fxe5 Bxe5 35. Nf3 Ne4 36. Qe1 Bg7 37. a6 Qa8 38. Qd1 Be6 39.
Bd4 Bh6 40. Rc2 Rc8 41. Nd3 Bf5 42. Rca2 Ng3 43. Nde5 Ne4 44. Nd3 Nxc3 45.
Bxc3 Rxc3 46. Nde5 Bg7 47. Qe1 Rcc8 48. b4 Rfe8 49. Qf2 Bxe5 50. Nxe5 Rxe5
51. b5 d4 52. b6 Be4 53. Qxd4 Rg5 54. b7 Bxb7 55. axb7 Qxb7 56. Qf2 Rf5 57.
Qb2 Qe7 58. Qe2 Qc5+ 59. Kh1 h5 60. Ra7 Rf8 61. R7a2 Qd6 62. Qd2 Qf6 63.
Qb2 Qg5 64. Qd2 Qh4 65. Qe1 Qf6 66. Qd2 Re8 67. Ra6 Qe5 68. R6a5 Qe4 69.
Rxf5 Qxf5 70. Qb2 Qe4 71. Rg1 Re5 72. Qb8+ Kh7 73. Qc7 Rf5 74. Qc1 Qd5 75.
Rf1 Re5 76. Qf4 Re7 77. Qf6 Rd7 78. Qf2 Qb7 79. Qg3 Kg8 80. Qf2 Qc7 81. Qa2
Qd6 82. Qa8+ Kg7 83. Qa1+ Kh7 84. Qa2 Kg7 85. Qa1+ Kg8 86. Qa8+ Rd8 87. Qf3
Qe6 88. Qf2 Rd5 89. Qb2 Rf5 90. Rg1 Qd5 91. Qb8+ Kg7 92. Qb2+ Kh7 93. Qe2
Re5 94. Qf2 Qe6 95. Rf1 Kg7 96. Rg1 Re2 97. Qf3 Re3 98. Qf1 Qe4 99. Qf2
Rxh3# 0-1

[Event "World Blitz 2023"]
[Site "Samarkand UZB"]
[Date "2023.12.30"]
[Round "17.1"]
[White "Carlsen, Magnus"]
[Black "Yu, Yangyi"]
[Result "1-0"]
[WhiteElo "2887"]
[BlackElo "2762"]
[EventDate "2023.12.29"]

1. e4 e5 2. Nf3 Nf6 3. Nxe5 d6 4. Nf3 Nxe4 5. h3 d5 6. d3 Nd6 7. c4 Be7 8.
cxd5 O-O 9. Nc3 b5 10. a3 Bb7 11. d4 a6 12. Be2 Nd7 13. Ne5 Bf6 14. Nc6
Bxc6 15. dxc6 Nb6 16. O-O Nf5 17. d5 Bxc3 18. bxc3 Nxd5 19. Bf3 Nb6 20. Bf4
Nd6 21. Bxd6 Qxd6 22. Qxd6 cxd6 23. Rfd1 Rad8 24. Rd4 d5 25. a4 Nxa4 26. c4
dxc4 27. Rxd8 Rxd8 28. c7 Rf8 29. Bb7 c3 30. c8=Q Rxc8 31. Bxc8 b4 32. Bf5
Nc5 33. Ra5 g6 34. Rxc5 gxf5 35. Kf1 a5 36. Ke2 a4 37. Kd3 b3 38. Kxc3 1-0

[Event "World Blitz 2023"]
[Site "Samarkand UZB"]
[Date "2023.12.30"]
[Round "17.5"]
[White "Mamedyarov, Shakhriyar"]
[Black "Nepomniachtchi, Ian"]
[Result "1/2-1/2"]
[WhiteElo "2716"]
[BlackElo "2795"]
[EventDate "2023.12.29"]

1. d4 Nf6 2. c4 e6 3. Nc3 Bb4 4. g3 d5 5. Bg2 O-O 6. Nf3 dxc4 7. O-O Nc6 8.
Re1 Rb8 9. a3 Be7 10. Qa4 Bd7 11. Qxc4 b5 12. Qd3 b4 13. axb4 Nxb4 14. Qd1
a6 15. Ne5 c5 16. dxc5 Bxc5 17. Nxd7 Qxd7 18. Ne4 Qxd1 19. Nxf6+ gxf6 20.
Rxd1 Kg7 21. Bd2 Rfd8 22. h4 Bd4 23. Bxb4 Rxb4 24. e3 Bb6 25. Rxd8 Bxd8
1/2-1/2

[Event "World Blitz 2023"]
[Site "Samarkand UZB"]
[Date "2023.12.30"]
[Round "17.6"]
[White "Aronian, Levon"]
[Black "Indjic, Aleksandar"]
[Result "0-1"]
[WhiteElo "2772"]
[BlackElo "2631"]
[EventDate "2023.12.29"]

1. e4 c5 2. Nf3 d6 3. c3 Nf6 4. Be2 g6 5. O-O Bg7 6. d3 O-O 7. Be3 e5 8.
Nbd2 Nc6 9. a3 b6 10. b4 h6 11. h3 Re8 12. b5 Na5 13. c4 Nh5 14. Re1 Nf4
15. Bf1 Ne6 16. Nb1 f5 17. Nc3 f4 18. Bd2 g5 19. Be2 Rf8 20. Nd5 Nb7 21.
Nh2 Nd4 22. Bh5 Be6 23. a4 Na5 24. Rb1 Rb8 25. Nf3 Nb7 26. Ra1 Na5 27. Ra3
Rb7 28. Nxd4 exd4 29. Bg4 Bf7 30. h4 Be5 31. Bf5 Bxd5 32. cxd5 Kg7 33. Qg4
Kf6 34. Kf1 Rg7 35. Ke2 h5 36. hxg5+ Rxg5 37. Qh4 Kg7 38. Rh1 c4 39. Bxa5
bxa5 40. dxc4 d3+ 41. Rxd3 Re8 42. Kf3 Qf6 43. c5 dxc5 44. d6 c4 45. d7 Rd8
46. Rd5 Bc7 47. g3 fxg3 48. Kg2 gxf2+ 49. Kh3 Qc3+ 0-1

[Event "World Blitz 2023"]
[Site "Samarkand UZB"]
[Date "2023.12.30"]
[Round "17.7"]
[White "Radjabov, Teimour"]
[Black "Rapport, Richard"]
[Result "1/2-1/2"]
[WhiteElo "2664"]
[BlackElo "2748"]
[EventDate "2023.12.29"]

1. e4 c6 2. Nf3 d5 3. d3 Qc7 4. Nc3 dxe4 5. dxe4 Nd7 6. Bc4 b5 7. Bb3 e6 8.
O-O Ngf6 9. Re1 Bd6 10. h3 a6 11. a4 Bb7 12. Qe2 Ne5 13. Be3 Nxf3+ 14. Qxf3
b4 15. Nb1 c5 16. Nd2 O-O 17. Bg5 Nd7 18. Qe2 a5 19. Nc4 Ba6 20. Qh5 Bh2+
21. Kh1 Bf4 22. Rad1 1/2-1/2

[Event "World Blitz 2023"]
[Site "Samarkand UZB"]
[Date "2023.12.30"]
[Round "17.8"]
[White "Muradli, Mahammad"]
[Black "Sarana, Alexey"]
[Result "1/2-1/2"]
[WhiteElo "2551"]
[BlackElo "2707"]
[EventDate "2023.12.29"]

1. d4 Nf6 2. c4 e6 3. Nf3 d5 4. g3 Be7 5. Bg2 O-O 6. O-O c6 7. Nc3 Nbd7 8.
Qd3 b6 9. b3 Ba6 10. e4 dxe4 11. Nxe4 b5 12. Ned2 bxc4 13. Nxc4 c5 14. Bb2
Rc8 15. Rac1 Nb6 16. Nfe5 Nxc4 17. Nxc4 cxd4 18. Qxd4 Bc5 19. Qf4 Qe7 20.
Rfd1 Rfd8 21. h3 Rxd1+ 22. Rxd1 Bxc4 23. bxc4 h6 24. Bf3 Bb6 25. Kg2 Qc5
26. Be2 Qc6+ 27. Qf3 Ne4 28. Bd4 Bxd4 29. Rxd4 f5 30. Bd3 Nf6 31. Rd8+ Kf7
32. Rxc8 Qxc8 33. Qe3 Qc7 34. c5 Qc6+ 35. Kg1 Qa4 36. c6 Qxc6 37. Qxa7+ Kg6
38. Qd4 h5 39. a4 Qc7 40. Bc4 e5 41. Qd3 e4 42. Qd4 h4 43. g4 fxg4 44. hxg4
h3 45. Be6 Kg5 46. Qe3+ Kh4 47. g5 Ng4 48. Bxg4 Kxg4 49. Qxe4+ Kxg5 50.
Qe3+ Kf6 51. Qf3+ Ke7 52. Qe3+ Kf8 53. Qa3+ Kg8 54. Qb3+ Kf8 55. Qb4+ Kg8
56. Qb3+ Kf8 57. Qa3+ Kg8 58. a5 Qc6 59. Qb3+ Kf8 60. Qxh3 Qc1+ 61. Kh2
Qc7+ 1/2-1/2

[Event "World Blitz 2023"]
[Site "Samarkand UZB"]
[Date "2023.12.30"]
[Round "17.9"]
[White "Nihal, Sarin"]
[Black "Tabatabaei, M. Amin"]
[Result "1/2-1/2"]
[WhiteElo "2689"]
[BlackElo "2573"]
[EventDate "2023.12.29"]

1. d4 d5 2. Nf3 Nf6 3. c4 c6 4. Nc3 e6 5. e3 Nbd7 6. Be2 Bd6 7. O-O O-O 8.
b3 b6 9. Bb2 Bb7 10. Re1 Re8 11. Rc1 Qe7 12. Bd3 Rad8 13. cxd5 exd5 14. e4
dxe4 15. Nxe4 Nxe4 16. Bxe4 Qf6 17. Qc2 Qh6 18. Rcd1 Bb4 19. Re2 Nf6 20.
Bc1 Qh5 21. Bg5 Rc8 22. Bxf6 gxf6 23. a3 Bd6 24. Rde1 Kg7 25. Qd3 Re7 26.
g3 Rce8 27. Nh4 Bc8 28. Bf3 Qb5 29. Qc2 Rxe2 30. Rxe2 Rxe2 31. Bxe2 Qd5 32.
Qd3 c5 33. dxc5 Qxd3 34. Bxd3 Bxc5 35. a4 Be6 36. Bc2 f5 37. Nxf5+ Bxf5 38.
Bxf5 h6 39. Kg2 Kf6 40. Bd3 a5 41. f4 Bd4 42. Kf3 Bc5 43. g4 Kg7 44. h4 f6
45. Ke4 Bf2 46. h5 Bc5 1/2-1/2

[Event "World Blitz 2023"]
[Site "Samarkand UZB"]
[Date "2023.12.30"]
[Round "17.10"]
[White "Salem, A.R. Saleh"]
[Black "Murzin, Volodar"]
[Result "0-1"]
[WhiteElo "2668"]
[BlackElo "2591"]
[EventDate "2023.12.29"]

1. d4 d5 2. c4 c6 3. Nf3 Nf6 4. Nc3 e6 5. Bg5 h6 6. Bh4 Nbd7 7. e3 Be7 8.
Bd3 O-O 9. O-O dxc4 10. Bxc4 b5 11. Bd3 Bb7 12. Rc1 a6 13. Bxf6 Nxf6 14.
Ne4 Rc8 15. Nc5 Bxc5 16. dxc5 Qc7 17. b4 Rcd8 18. Qb3 e5 19. Bf5 e4 20. Nd4
Rd5 21. f3 exf3 22. Rxf3 Re8 23. Rcf1 Qe5 24. h3 Kh8 25. a3 Qc7 26. Bb1 Qe5
27. Qc2 Kg8 28. Rxf6 Qxe3+ 29. Kh1 gxf6 30. Qh7+ Kf8 31. Qh8+ Ke7 32. Qxf6+
Kd7 33. Bf5+ Kc7 34. Qxf7+ Kb8 35. Be6 Rdd8 36. Qf4+ Qxf4 37. Rxf4 Rxd4 38.
Rxd4 Rxe6 39. Rd7 Bc8 40. Rh7 a5 41. bxa5 Re3 42. Rxh6 Kc7 43. Rh7+ Bd7 44.
g4 Rxa3 45. Kg2 b4 46. Re7 b3 47. Re1 Rxa5 48. Rb1 Be6 49. Kg3 Rxc5 0-1

[Event "World Blitz 2023"]
[Site "Samarkand UZB"]
[Date "2023.12.30"]
[Round "17.11"]
[White "Abdusattorov, Nodirbek"]
[Black "Aravindh, Chithambaram Vr."]
[Result "1/2-1/2"]
[WhiteElo "2694"]
[BlackElo "2584"]
[EventDate "2023.12.29"]

1. e4 c5 2. Nf3 e6 3. d4 cxd4 4. Nxd4 a6 5. Bd3 Bc5 6. Nb3 Be7 7. O-O d6 8.
c4 b6 9. Nc3 Bb7 10. Be3 Nd7 11. a4 a5 12. Nd4 Ngf6 13. Qe2 O-O 14. Rad1
Nc5 15. f3 Qd7 16. Bc2 Rfd8 17. b3 Qe8 18. Ndb5 Rac8 19. Rd2 Qf8 20. Rfd1
Ne8 21. Qf2 g6 22. Qg3 Qg7 23. Bd4 Qh6 24. Qf2 Bg5 25. Re2 Bf4 26. g3 Be5
27. Red2 Qg7 28. Bxe5 Qxe5 29. Qd4 Qxd4+ 30. Rxd4 e5 31. R4d2 Ne6 32. Kf2
Kf8 33. Nxd6 Nxd6 34. Rxd6 Nd4 35. Rxd8+ Rxd8 36. Nb5 Ne6 37. Rxd8+ Nxd8
38. Ke3 Ke7 39. Nc7 Ne6 40. Nd5+ Bxd5 41. cxd5 Nc5 42. Kd2 Kd6 43. Kc3 Na6
44. Kc4 Nc7 45. h4 f6 46. f4 Ke7 47. Bd1 Kd6 48. Bg4 h6 49. Bc8 Ke7 50. Bb7
Kd6 51. Bc8 Ke7 52. Bh3 Kd6 53. f5 g5 54. hxg5 hxg5 55. Bf1 Kd7 56. Kd3 Ne8
57. Ke3 Nd6 58. Bd3 Ke7 59. Kd2 Kd7 60. Kc3 Kc7 61. b4 Kd7 62. Kd2 Ke7 63.
bxa5 bxa5 64. Ke3 Kf7 65. Kf3 Kg7 66. Kg4 Kh6 67. Bb1 Kg7 68. Kh5 Nc4 69.
Bd3 Nd6 70. Kg4 Kh6 71. Kf3 Kg7 72. Ke3 1/2-1/2

[Event "World Blitz 2023"]
[Site "Samarkand UZB"]
[Date "2023.12.30"]
[Round "17.12"]
[White "Svidler, Peter"]
[Black "Adhiban, B."]
[Result "1-0"]
[WhiteElo "2689"]
[BlackElo "2576"]
[EventDate "2023.12.29"]

1. c4 b6 2. e4 Bb7 3. Nc3 e5 4. Nf3 Nc6 5. a3 a5 6. d4 exd4 7. Nxd4 Bc5 8.
Be3 Nge7 9. Be2 O-O 10. O-O f5 11. Nxf5 Nxf5 12. exf5 Rxf5 13. Bg4 Rf7 14.
Bxc5 bxc5 15. Bf3 Kh8 16. Bd5 Rf8 17. Ne4 d6 18. Qh5 Qe8 19. Qh4 Rb8 20.
Ng5 h6 21. Ne6 Rf7 22. Rae1 Qe7 23. Ng5 Qxg5 24. Qxg5 hxg5 25. Bxf7 Ne5 26.
Be6 Ba6 27. f4 gxf4 28. Rxf4 g5 29. Rf5 Re8 30. Rf6 Kg7 31. Ref1 Bxc4 32.
Bxc4 Nxc4 33. Rf7+ Kg6 34. R1f6+ Kh5 35. Rh7+ Kg4 36. h3+ 1-0

[Event "World Blitz 2023"]
[Site "Samarkand UZB"]
[Date "2023.12.30"]
[Round "17.13"]
[White "Sindarov, Javokhir"]
[Black "Sadhwani, Raunak"]
[Result "1-0"]
[WhiteElo "2607"]
[BlackElo "2668"]
[EventDate "2023.12.29"]

1. e4 c5 2. Nf3 Nc6 3. d4 cxd4 4. Nxd4 e6 5. Nc3 a6 6. Be3 Qc7 7. Be2 Nf6
8. O-O Be7 9. f4 d6 10. a4 O-O 11. Kh1 Bd7 12. Qd2 Nxd4 13. Qxd4 Bc6 14. a5
Rfe8 15. Qd3 Nd7 16. Bf3 Rac8 17. Rfd1 Bf8 18. Qd2 h6 19. Qf2 Nf6 20. Bd4
Qe7 21. Bb6 Nd7 22. Be3 Nf6 23. Bb6 Nd7 24. Be3 Nf6 25. Rd2 d5 26. e5 Ne4
27. Nxe4 dxe4 28. Be2 Qb4 29. c3 Qb3 30. Bd1 Qb5 31. Be2 Qb3 32. Bd1 Qb5
33. Bb6 Be7 34. Ba4 Qxa4 35. Rxa4 Bxa4 36. h3 Bc6 37. Qe3 Bd5 38. Rd4 Rc6
39. Kh2 Rec8 40. f5 Bg5 41. Qg3 Kh7 42. Qg4 Bc1 43. fxe6 fxe6 44. Rxd5 exd5
45. Bd4 Re8 46. Qf5+ Kg8 47. Qd7 Rce6 48. Qxb7 Bf4+ 49. Kg1 Bxe5 50. Be3
Bf6 51. Qxd5 Bg5 52. Bxg5 hxg5 53. Kf2 e3+ 54. Ke2 Re7 55. b4 Kf8 56. c4
Rf6 57. Qc5 Rf2+ 58. Ke1 Rb2 59. Qc8+ Kf7 60. Qf5+ Ke8 61. Qc8+ Kf7 62.
Qf5+ Kg8 63. Qc8+ Kh7 64. Qf5+ Kh6 65. Qf8 Rb1+ 66. Ke2 Rb2+ 67. Ke1 Re4
68. Qh8+ Kg6 69. Qa8 Re6 70. Qd5 Kf6 71. Qd4+ 1-0

[Event "World Blitz 2023"]
[Site "Samarkand UZB"]
[Date "2023.12.30"]
[Round "17.14"]
[White "Praggnanandhaa, R"]
[Black "Idani, Pouya"]
[Result "1-0"]
[WhiteElo "2665"]
[BlackElo "2574"]
[EventDate "2023.12.29"]

1. Nf3 c5 2. b3 b6 3. g3 Bb7 4. Bg2 e5 5. O-O d6 6. c4 g6 7. Nc3 Bg7 8. Rb1
Ne7 9. d3 O-O 10. b4 cxb4 11. Rxb4 d5 12. Nd2 e4 13. Nxd5 Nxd5 14. cxd5
exd3 15. e4 f5 16. Ba3 Nd7 17. Rb3 Rf7 18. Nc4 fxe4 19. Nd6 Bxd5 20. Rxd3
exd3 21. Bxd5 Ne5 22. f4 1-0

[Event "World Blitz 2023"]
[Site "Samarkand UZB"]
[Date "2023.12.30"]
[Round "17.15"]
[White "Narayanan, S L"]
[Black "Maghsoodloo, Parham"]
[Result "0-1"]
[WhiteElo "2564"]
[BlackElo "2660"]
[EventDate "2023.12.29"]

1. d4 Nf6 2. c4 e6 3. Nf3 h6 4. Nc3 Bb4 5. Qc2 c5 6. dxc5 Na6 7. g3 Nxc5 8.
Bg2 Nce4 9. O-O Nxc3 10. bxc3 Bc5 11. e4 b6 12. e5 Nh7 13. Nd4 Rb8 14. Rd1
Bb7 15. Nc6 Bxc6 16. Bxc6 O-O 17. Rxd7 Qc8 18. Qa4 a6 19. Bf4 Ng5 20. Bxg5
hxg5 21. Rad1 f6 22. Qc2 f5 23. Bf3 Rf7 24. Qd2 g4 25. Rxf7 Kxf7 26. Qd7+
Qxd7 27. Rxd7+ Kf8 28. Be2 Rc8 29. Kg2 a5 30. f3 gxf3+ 31. Kxf3 Be7 32. Rb7
Rc5 33. Rxb6 Rxe5 34. Rb8+ Kf7 35. Rb5 Bc5 36. Bd1 g5 37. h3 Ke7 38. Rxa5
Kd6 39. Ra6+ Ke7 40. Ra5 Kd6 41. Ra6+ Kc7 42. Ra5 Kb6 43. Rb5+ Kc6 44. Ba4
Kd6 45. Rb2 Re3+ 46. Kg2 Rxc3 47. Rd2+ Ke7 48. Re2 Bd6 49. Bb3 Rxg3+ 50.
Kf2 Rxh3 51. Kg2 Rh2+ 52. Kf1 Rxe2 53. Kxe2 g4 54. a4 Bc5 55. a5 e5 56. Ba4
e4 57. Bc6 Kf6 58. a6 Ke5 59. Bd7 g3 60. Kf1 f4 0-1

[Event "World Blitz 2023"]
[Site "Samarkand UZB"]
[Date "2023.12.30"]
[Round "17.16"]
[White "Lazavik, Denis"]
[Black "Ponomariov, Ruslan"]
[Result "1-0"]
[WhiteElo "2556"]
[BlackElo "2613"]
[EventDate "2023.12.29"]

1. d4 Nf6 2. c4 c6 3. Nf3 d5 4. Qc2 g6 5. cxd5 cxd5 6. Bf4 Nc6 7. Nc3 Bg7
8. e3 O-O 9. Be2 Qb6 10. Qb3 Qxb3 11. axb3 Bg4 12. h3 Bxf3 13. Bxf3 e6 14.
Kd2 Rfc8 15. Rhc1 Bf8 16. Be2 Ne8 17. Bb5 Bd6 18. Ne2 Bb4+ 19. Kd1 a6 20.
Bxc6 bxc6 21. Rc2 a5 22. Rac1 Ra6 23. Nc3 Kf8 24. Na4 Ke7 25. Ke2 Nd6 26.
Kd3 Kd7 27. f3 f6 28. e4 dxe4+ 29. fxe4 f5 30. exf5 exf5 31. d5 cxd5 32.
Rxc8 Nxc8 33. Rc7+ Kd8 34. Rxh7 Ne7 35. Bg5 Ke8 36. Nc3 Nc6 37. Nxd5 Ne5+
38. Ke2 Rc6 39. Bf6 Rc2+ 40. Ke3 Bc5+ 41. Kf4 Nd3+ 42. Kg3 Bd6+ 43. Kf3
Ne1+ 44. Ke3 Nxg2+ 45. Kd3 Ne1+ 46. Ke3 Bc5+ 47. Bd4 Bxd4+ 48. Kxd4 Rxb2
49. Nc7+ Kd8 50. Ne6+ Kc8 51. Rg7 Rxb3 52. Rg8+ Kd7 53. Nc5+ Ke7 54. Nxb3
a4 55. Nd2 a3 56. Kc3 Kf6 57. Ra8 Kg5 58. Rxa3 Kh4 59. Ra1 Ng2 60. Kd3 Kxh3
61. Ke2 g5 62. Kf2 Nh4 63. Ra3+ Kg4 64. Nf3 Ng6 65. Ra1 Kh5 66. Rh1+ Nh4
67. Nxh4 gxh4 68. Kf3 Kg5 69. Rg1+ 1-0

[Event "World Blitz 2023"]
[Site "Samarkand UZB"]
[Date "2023.12.30"]
[Round "17.17"]
[White "Shimanov, Aleksandr"]
[Black "Uskov, Artem"]
[Result "1/2-1/2"]
[WhiteElo "2611"]
[BlackElo "2328"]
[EventDate "2023.12.29"]

1. Nf3 d5 2. d4 Nf6 3. c4 e6 4. Bg5 h6 5. Bh4 Bb4+ 6. Nc3 O-O 7. e3 c5 8.
cxd5 exd5 9. Bd3 cxd4 10. Nxd4 Nc6 11. Be2 g5 12. Bg3 Ne4 13. Rc1 Nxg3 14.
hxg3 Qf6 15. Nb5 Be6 16. O-O Rad8 17. a3 Ba5 18. Bf3 a6 19. Nd4 Nxd4 20.
Qxd4 Qxd4 21. exd4 b5 22. Rfd1 Rfe8 23. Kf1 Kf8 24. Na2 Rc8 25. Rc5 Bb6 26.
Rxc8 Rxc8 27. Nb4 a5 28. Nxd5 Bxd5 29. Bxd5 Rd8 1/2-1/2

[Event "World Blitz 2023"]
[Site "Samarkand UZB"]
[Date "2023.12.30"]
[Round "17.18"]
[White "Tomashevsky, Evgeny"]
[Black "Nesterov, Arseniy"]
[Result "1/2-1/2"]
[WhiteElo "2663"]
[BlackElo "2488"]
[EventDate "2023.12.29"]

1. e4 e5 2. Nf3 Nf6 3. d4 Nxe4 4. Bd3 d5 5. Nxe5 Nd7 6. Nc3 Nxc3 7. bxc3
Bd6 8. O-O O-O 9. Re1 c5 10. Bf4 Nf6 11. Bg5 c4 12. Be2 h6 13. Bh4 Be7 14.
Bf3 Bf5 15. Rb1 Ne4 16. Bxe4 dxe4 17. Bxe7 Qxe7 18. Nxc4 Rac8 19. Ne3 Bg6
20. c4 f5 21. Nd5 Qf7 22. Nf4 Rxc4 23. d5 Rd8 24. Qe2 Rcc8 25. c4 b6 26.
Rbd1 Qf6 27. f3 exf3 28. Qxf3 Bf7 29. Qd3 Rd7 30. a4 Rdc7 31. d6 Rd7 32.
Nd5 Bxd5 33. Qxd5+ Qf7 34. Re6 Rcd8 35. Rde1 Kh7 36. h3 Qf8 37. Rd1 Qf7 38.
Qe5 Rc8 39. Kh2 Rc5 40. Qe2 Rc8 41. Re7 Rxe7 42. dxe7 Re8 43. Re1 Qf6 44.
a5 Kg8 45. axb6 axb6 46. c5 bxc5 47. Qc4+ Kh7 48. Qxc5 Qg5 49. Qe5 Qf6 50.
Qc7 Qh4 51. Qe5 Kg6 52. Qe6+ Qf6 53. Qd7 Qf7 54. Kh1 Kh7 55. Qc7 f4 56.
Qc2+ Kg8 57. Qe4 Qf6 58. Qd5+ Qf7 59. Qe4 Qf6 60. Kg1 Qb6+ 61. Kh2 Qf6 62.
Kh1 Qf7 63. Qb7 Qf6 64. Qd7 Qf7 65. Qd3 Qf6 66. Qc4+ Qf7 67. Qe4 Qf6 68.
Kh2 Qf7 69. Kh1 1/2-1/2

[Event "World Blitz 2023"]
[Site "Samarkand UZB"]
[Date "2023.12.30"]
[Round "17.19"]
[White "Predke, Alexandr"]
[Black "Andreikin, Dmitry"]
[Result "0-1"]
[WhiteElo "2594"]
[BlackElo "2741"]
[EventDate "2023.12.29"]

1. d4 g6 2. e4 Bg7 3. Nc3 c6 4. f4 Qb6 5. Nf3 Nh6 6. Na4 Qa5+ 7. c3 d6 8.
b4 Qc7 9. h3 O-O 10. Bd3 a5 11. b5 cxb5 12. Bxb5 Bd7 13. Qe2 d5 14. e5 Nf5
15. Kf2 f6 16. g4 fxe5 17. dxe5 Nh6 18. Kg3 Nc6 19. Re1 e6 20. Rb1 Nf7 21.
Ba3 g5 22. Bxf8 Rxf8 23. Bxc6 Bxc6 24. Nc5 gxf4+ 25. Kh2 Qe7 26. Qf2 d4 27.
cxd4 Bd5 28. Rb6 Kh8 29. Reb1 Nd8 30. Rd6 a4 31. Rd7 Qe8 32. Rxd5 exd5 33.
Rb6 a3 34. Qh4 Nc6 35. Nxb7 Nxd4 36. Nxd4 Qxe5 37. Qf2 f3+ 38. Kh1 Qxd4 39.
Qxd4 Bxd4 40. Rb1 Rb8 41. Kh2 Bb2 0-1